000 00775nam a2200253 i 4500
001 000028344
003 DO-SdBNP
005 20260427090904.0
007 ta
008 110408s1996 dr c 000 0 spa d
040 _aDO-SdBNP
_bspa
_cBNPHU
_erda
041 _aspa
049 _aBNPD
082 4 _axxxx
_bC334s
_222
100 _aCasals Victoria, Pedro Manuel,
_eautor
_4aut.
_97723
245 1 3 _aLa separación de Haití y el problema dominico-haitiano /
_cPedro Manuel Casals Victoria.
264 1 _aSanto Domingo :
_bEditorial Pérez, C. por A.,
_c1996.
300 _a34 páginas :
_bretratos ;
_c21 cm.
336 _atexto
_btxt
_2rdacontent
337 _asin mediación
_bn
_2rdamedia
338 _avolumen
_bnc
_2rdacarrier
590 _aBtavárez
942 _2ddc
_cLF2
999 _c27836
_d27836